| 000 | 00786nam a2200253Ia 4500 | ||
|---|---|---|---|
| 003 | OSt | ||
| 005 | 20220918170449.0 | ||
| 006 | a|||||r|||| 00| 0 | ||
| 007 | ta | ||
| 008 | 220917b |||||||| |||| 00| 0 eng d | ||
| 020 |
_a9780231133999 (pbk) _cINR 2099.00 |
||
| 024 | _a348,677 | ||
| 037 |
_b57352, 25/02/2019, Segment Book Distributors _cTextual |
||
| 040 |
_aARTS _cARTS _beng |
||
| 041 |
_2eng _aeng |
||
| 082 | _aR6, Q1 | ||
| 100 |
_aSarma Deepak Au. _929211 |
||
| 245 | 0 |
_aClassical indian philosophy _b reader |
|
| 260 |
_aNew York _bColumbia University Press USA _c2011 |
||
| 300 |
_axxii,243p. _ccm. |
||
| 650 | _aINDIAN PHILOSOPHY | ||
| 942 |
_hR6, Q1 _cTEXL _2CC |
||
| 999 |
_c134269 _d134269 |
||